Alphabetical south american capitals Quiz Stats

Quiz not verified by Sporcle

Challenge
Share
Tweet
Embed
Score 0/12 Timer 03:00
0 Plays Today
capital % Correct
Bogota
98.6%
Asuncion
97.8%
Brasilia
97.8%
Caracas
97.1%
Buenos Aires
96.4%
Georgetown
95%
Lima
95%
Montevideo
94.2%
La Paz
93.5%
Quito
93.5%
Santiago
92.1%
Paramaribo
90.6%

You're not logged in!

Compare scores with friends on all Sporcle quizzes.
Join for Free
OR
Log In

You Might Also Like...

Show Comments

Extras

Top Quizzes Today


Score Distribution

Your Account Isn't Verified!

In order to create a playlist on Sporcle, you need to verify the email address you used during registration. Go to your Sporcle Settings to finish the process.

Report this User

Report this user for behavior that violates our Community Guidelines.

Details: